Faculty of Law Library — Cairo University

Official Online Catalog

Freedom And The Court: (Record no. 76725)

MARC details
000 -LEADER
fixed length control field 00950nam a2200289 i 4500
003 - CONTROL NUMBER IDENTIFIER
control field EG-GICUC
005 - DATE AND TIME OF LATEST TRANSACTION
control field 20260513120233.0
008 - FIXED-LENGTH DATA ELEMENTS--GENERAL INFORMATION
fixed length control field 260513s1988 uk ||||fr|||| 00| 0 eng d
040 ## - CATALOGING SOURCE
Original cataloging agency EG-GiCUC
Language of cataloging eng
Transcribing agency EG-GiCUC
Modifying agency EG-GiCUC
Description conventions Rda
082 04 - DEWEY DECIMAL CLASSIFICATION NUMBER
Classification number 342.35073
Item number AB . F
092 04 - LOCALLY ASSIGNED DEWEY CALL NUMBER (OCLC)
Edition number 21
099 ## - LOCAL FREE-TEXT CALL NUMBER (OCLC)
Classification number Law1 08 342.35073 AB . F 1988
100 1# - MAIN ENTRY--PERSONAL NAME
Personal name Abraham,Henry J.
Relator term Author.
245 ## - TITLE STATEMENT
Title Freedom And The Court:
Remainder of title Civil Rights And Liberties In The United States/
Statement of responsibility, etc. Henry J. Abraham.
250 ## - EDITION STATEMENT
Edition statement Fifth Edition
264 #1 - PRODUCTION, PUBLICATION, DISTRIBUTION, MANUFACTURE, AND COPYRIGHT NOTICE
Place of production, publication, distribution, manufacture Oxford:
Name of producer, publisher, distributor, manufacturer Oxford University Press,
Date of production, publication, distribution, manufacture, or copyright notice 1988.
300 ## - PHYSICAL DESCRIPTION
Extent 587 page ;
Dimensions 24 cm.
336 ## - CONTENT TYPE
Source rda contenu
Content type term texte
337 ## - MEDIA TYPE
Source rda medias
Media type term Ordinateur
338 ## - CARRIER TYPE
Source transporteur rda
Carrier type term Ressource en ligne
546 ## - LANGUAGE NOTE
Language note Text in English
650 1# - SUBJECT ADDED ENTRY--TOPICAL TERM
Topical term or geographic name entry element Constitutional Law
650 1# - SUBJECT ADDED ENTRY--TOPICAL TERM
Topical term or geographic name entry element Public Rights and Freedoms
856 40 - ELECTRONIC LOCATION AND ACCESS
Uniform Resource Identifier <a href="https://fll.law.cu.edu.eg/fulltext/bks/B08-05602.pdf">https://fll.law.cu.edu.eg/fulltext/bks/B08-05602.pdf</a>
905 ## - Cataloger and Reviser Names
Cataloger Name: Logain Ashraf
942 ## - ADDED ENTRY ELEMENTS (KOHA)
Source of classification or shelving scheme Dewey Decimal Classification
Suppress in OPAC No
Koha item type Books
Edition 21
Holdings
Withdrawn status Lost status Source of classification or shelving scheme Damaged status Not for loan Collection Home library Current library Date acquired Total checkouts Full call number Barcode Date last seen Copy number Price effective from Koha item type
    Dewey Decimal Classification   Not for loan القانون الدستوري جــــامعة القــاهرة مكتبة كلية الحقوق - المبنى الرئيسي 13.05.2026   Law1 08 342.35073 AB . F 1988 0805602 C1 B08-05602 13.05.2026 1 13.05.2026 Books

© All rights reserved — Faculty of Law, Cairo University

Implemented and Customized by: Eng. M. Mohamady